000 00287nam a22001337a 4500
008 181214b xxu||||| |||| 00| 0 eng d
020 _a9780495127642
041 _aeng
080 _a159.9
100 _a47
101 _aPSI
245 _acLTURAL dIVERSITY
_cJerry.V
942 _2udc
_cBK
999 _c53131
_d53131